| 000 | 00512 a2200169 4500 | ||
|---|---|---|---|
| 999 |
_c41193 _d41193 |
||
| 003 | OSt | ||
| 005 | 20210706103509.0 | ||
| 008 | 210706b ||||| |||| 00| 0 eng d | ||
| 020 | _a9788173718922 | ||
| 040 | _coclc | ||
| 082 |
_a547.2 _bKRU/F |
||
| 100 |
_aKrupadanam, G L David _94126 |
||
| 245 |
_aFundamentals of Asymmetric Synthesis/ _cG L David Krupadanam |
||
| 260 |
_aHyderabad: _bUniversity Press, _cc2013. |
||
| 300 | _a460 pages | ||
| 942 |
_2ddc _cBK _h547.2 _iKRU/F _k547.2 _mKRU/F |
||